Tort law: Text, cases and materials (3rd edition) (Record no. 81345)
[ view plain ]
| 000 -LEADER | |
|---|---|
| fixed length control field | 00910nam a2200181 a 4500 |
| 008 - FIXED-LENGTH DATA ELEMENTS--GENERAL INFORMATION | |
| fixed length control field | 210427s2014 ||||||||||||||||| || u |
| 020 ## - INTERNATIONAL STANDARD BOOK NUMBER | |
| International Standard Book Number | 9780199671403 |
| 050 ## - LIBRARY OF CONGRESS CALL NUMBER | |
| Classification number | KC 15 Ste |
| 100 ## - MAIN ENTRY--PERSONAL NAME | |
| Personal name | Steele, Jenny |
| 245 10 - TITLE STATEMENT | |
| Title | Tort law: Text, cases and materials (3rd edition) |
| Statement of responsibility, etc. | By Jenny Steele |
| 250 ## - EDITION STATEMENT | |
| Edition statement | 3rd edition |
| 260 ## - PUBLICATION, DISTRIBUTION, ETC. | |
| Place of publication, distribution, etc. | Oxford |
| Name of publisher, distributor, etc. | Oxford University Press |
| Date of publication, distribution, etc. | 2014 |
| 300 ## - PHYSICAL DESCRIPTION | |
| Extent | ix, 937 pages |
| 650 ## - SUBJECT ADDED ENTRY--TOPICAL TERM | |
| Topical term or geographic name entry element | TORTS--UNITED STATES |
| 995 ## - | |
| -- | MAIN LIBRARY OPEN ACCESS |
| -- | 751021 |
| -- | CBU-MAIN LIBRARY (Kitwe) |
| -- | KC 15 Ste |
| -- | 2 |
| -- | AVAILABLE |
| -- | Apr 29, 2021 |
| -- | 751021 |
| -- | Main Library Open Access Collection |
| 995 ## - | |
| -- | MAIN LIBRARY OPEN ACCESS |
| -- | 751022 |
| -- | CBU-MAIN LIBRARY (Kitwe) |
| -- | KC 15 Ste |
| -- | 3 |
| -- | AVAILABLE |
| -- | Apr 29, 2021 |
| -- | 751022 |
| -- | Main Library Open Access Collection |
| 995 ## - | |
| -- | MAIN LIBRARY OPEN ACCESS |
| -- | 91.11 |
| -- | 751020 |
| -- | CBU-MAIN LIBRARY (Kitwe) |
| -- | KC 15 Ste |
| -- | 1 |
| -- | AVAILABLE |
| -- | Apr 27, 2021 |
| -- | 751020 |
| -- | Main Library Open Access Collection |
| 999 ## - | |
| -- | 81345 |
| -- | 81345 |
| Withdrawn status | Lost status | Source of classification or shelving scheme | Damaged status | Not for loan | Permanent Location | Current Location | Shelving location | Date acquired | Total Checkouts | Full call number | Barcode | Date last seen | Date last checked out | Copy number | Price effective from | Koha item type | Checked out |
|---|---|---|---|---|---|---|---|---|---|---|---|---|---|---|---|---|---|
| CBU-MAIN LIBRARY, KITWE. | CBU-MAIN LIBRARY, KITWE. | 08/18/2023 | 1 | KC 15 Ste | 751021 | 05/14/2024 | 05/03/2024 | 1 | 08/18/2023 | MONOGRAPH | |||||||
| CBU-MAIN LIBRARY, KITWE. | CBU-MAIN LIBRARY, KITWE. | 08/18/2023 | 2 | KC 15 Ste | 751022 | 04/13/2026 | 04/13/2026 | 2 | 08/18/2023 | MONOGRAPH | 04/27/2026 | ||||||
| CBU-MAIN LIBRARY, KITWE. | CBU-MAIN LIBRARY, KITWE. | 08/18/2023 | KC 15 Ste | 751020 | 08/18/2023 | 3 | 08/18/2023 | MONOGRAPH |